| 000 | 00480nam a22001817a 4500 | ||
|---|---|---|---|
| 999 |
_c172452 _d172452 |
||
| 005 | 20200205152719.0 | ||
| 010 | _aA-373029 | ||
| 020 | _a8185243166 | ||
| 035 | _aA-373029 | ||
| 037 | _bBPPD/Pub. | ||
| 082 | _a847 | ||
| 245 |
_aموسکراہٹیں / _cتبسم |
||
| 246 |
_aMuskaraahten (Urdu) / _bby Tabassum |
||
| 260 |
_c1989 ء _aNew Delhi _bPublications India |
||
| 270 |
_a- _b- _e- |
||
| 300 |
_a128p. _c24cm(Hb) |
||
| 942 |
_2ddc _cUR _h847 _mت ب س |
||